[Event "Oruro Baptista Memorial"]
[Site "Oruro"]
[Date "2023.11.03"]
[Round "6"]
[White "Huanca, Edson"]
[Black "Morales Estrada, Jhon Alfredo"]
[Result "1-0"]
[WhiteElo "1980"]
[BlackElo "1418"]
[PlyCount "59"]
[EventDate "2023.11.01"]
[EventType "swiss"]
[EventRounds "9"]
[EventCountry "BOL"]
[SourceTitle "Mega2024 Update 01"]
[Source "Chessbase"]
[SourceDate "2023.11.12"]
[SourceVersion "1"]
[SourceVersionDate "2023.11.12"]
[SourceQuality "1"]

1. e4 d5 2. exd5 Qxd5 3. Nf3 Bg4 4. Be2 c6 5. 0-0 Nf6 6. d4 e6 7. c4 Qd8 8. Nc3 Be7 9. h3 Bxf3 10. Bxf3 0-0 11. Be3 Na6 12. Rc1 Nc7 13. Qb3 Rb8 14. a4 a5 15. Rfd1 Na6 16. d5 exd5 17. cxd5 cxd5 18. Nxd5 Qe8 19. Nxe7+ Qxe7 20. Bf4 Rbd8 21. Qxb7 Rxd1+ 22. Rxd1 Qb4 23. Qxb4 axb4 24. Bd6 Rd8 25. a5 Ne8 26. Bf4 Rxd1+ 27. Bxd1 Kf8 28. Be2 Nec7 29. Bxc7 Nxc7 30. a6 1-0